Welcome to CU Library Online Public Access Catalogue (OPAC)

Presenting for women in business (Record no. 5179)

MARC details
000 -LEADER
fixed length control field 00411nam a22001577a 4500
005 - DATE AND TIME OF LATEST TRANSACTION
control field 20250325113730.0
008 - FIXED-LENGTH DATA ELEMENTS--GENERAL INFORMATION
fixed length control field 250325b |||||||| |||| 00| 0 eng d
020 ## - INTERNATIONAL STANDARD BOOK NUMBER
International Standard Book Number 9781852511401
050 ## - LIBRARY OF CONGRESS CALL NUMBER
Classification number HD6053
Item number MCK
100 ## - MAIN ENTRY--PERSONAL NAME
Personal name Mckenzie, Carole
245 ## - TITLE STATEMENT
Title Presenting for women in business
260 ## - PUBLICATION, DISTRIBUTION, ETC.
Place of publication, distribution, etc. London
Name of publisher, distributor, etc. Mercury Books
Date of publication, distribution, etc. c1991
300 ## - PHYSICAL DESCRIPTION
Extent x, 213p;
Other physical details ill.;
500 ## - GENERAL NOTE
General note includes index
942 ## - ADDED ENTRY ELEMENTS (KOHA)
Source of classification or shelving scheme Library of Congress Classification
Koha item type Books
Suppress in OPAC No
999 ## -
-- 5179
-- 5179
Holdings
Withdrawn status Lost status Source of classification or shelving scheme Damaged status Not for loan Collection Home library Current library Shelving location Date acquired Total checkouts Full call number Barcode Date last seen Copy number Price effective from Koha item type
    Library of Congress Classification     Non-fiction Undergraduate Library (Christ Temple) Undergraduate Library (Christ Temple) General stacks 03/25/2025   HD6053 MCK ulct00001942 03/25/2025 1 03/25/2025 Books
© 2023-2024 Copyright: Central University Libraries. All Rights Reserved | Created by: Mahone Tech Office